Top Retailers in the U.S. - Statistics

General Stats
  • This quiz has been taken 162 times
  • The average score is 13 of 27
Answer Stats
$ (in billions) % Growth Type Answer % Correct
$533.96 6.90% Supercenter Walmart
98%
$250.11 7.60% E-Commerce Amazon
87%
$105.84 -1.60% Supercenter Target
87%
$175.39 6.80% Wholesale Costco
80%
$141.45 -3.10% Hardware Home Depot
73%
$113.92 7.30% Pharmaceutical CVS
68%
$105.10 1.10% Pharmaceutical Walgreens
66%
$40.05 -6.30% Electronics Best Buy
62%
$84.04 -4.30% Hardware Lowe's
61%
$69.05 -2.30% Technology Apple
56%
$30.17 8.10% Discount Store Dollar Tree
55%
$47.40 17.00% Supermarket Aldi
51%
$149.61 1.30% Supermarket Kroger
50%
$20.81 -2.20% Telecommunication AT&T
46%
$23.00 -5.50% Department Macy's
46%
$20.65 -10.90% Telecommunication Verizon
45%
$38.69 2.10% Discount Store Dollar General
44%
$27.88 6.90% Convenience 7-Eleven
40%
$26.29 -0.30% Hardware Ace
40%
$57.10 4.70% Supermarket Publix
32%
$77.86 2.20% Supermarket Albertsons
31%
$59.43 2.80% Supermarket Ahold Delhaize
29%
$41.93 9.20% Department TJX
28%
$21.43 4.60% Warehouse Club BJ's
25%
$20.38 9.00% Discount Department Ross
20%
$38.63 12.70% Supermarket H-E-B
14%
$21.95 3.70% Supercenter Meijer
10%
No matching quizzes found
Score Distribution
Percent of People with Each Score
Percentile by Number Answered
Your Score History
You have not taken this quiz